Estatísticas para Os 15 principais países com mortes por Covid19 - 22 maio 2021

Clique aqui para jogar o quiz

Estatísticas Gerais

  • Esse quiz foi jogado 21 vezes
  • A pontuação média é 16 de 24

Estatísticas das Respostas

total de
mortes
país% Correto
448 291Brasil
100%
603 876Estados Unidos
100%
87 960Alemanha
95%
108 526França
95%
299 256Índia
95%
73 688Argentina
89%
221 256México
89%
127 716Reino Unido
89%
125 153Itália
84%
67 807Peru
84%
118 125Rússia
84%
84 228Colômbia
79%
79 620Espanha
79%
78 381Irão
58%
72 882Polônia
58%
Hungria
42%
Bélgica
37%
Chéquia
37%
Eslováquia
37%
Eslovénia
37%
Croácia
32%
Bósnia e Herzegovina
26%
Bulgária
16%
Macedónia do Norte
16%

Distribuição das Pontuações

Percentil de Números Respondidos

Porcentagem de Pessoas com Cada Pontuação

Sua Pontuação Histórica

Você não jogou esse quiz